Mechanical behavior of materials engineering methods for derformation,fracture,and fatigue
Saved in:
| Main Author: | |
|---|---|
| Format: | Book |
| Published: |
New Jersey lbPrentice Hall lc1993
|
| Subjects: | |
| Tags: |
Add Tag
No Tags, Be the first to tag this record!
|
| Call Number : | TA 404.8. D68 1993 |
MARC
| LEADER | 00000pam a2200000 4500 | ||
|---|---|---|---|
| 001 | 30956 | ||
| 003 | MY-KLNDU | ||
| 005 | 20241218085520.0 | ||
| 020 | 0 | 0 | |a 0135790468 |
| 035 | |a 0000021017 | ||
| 039 | 9 | |y 200910091045 |z VLOAD | |
| 090 | 0 | 0 | |a TA 404.8. |b D68 1993 |
| 100 | 1 | 0 | |a Dowling lhNorman E |
| 245 | 1 | 0 | |a Mechanical behavior of materials |b engineering methods for derformation,fracture,and fatigue |c Norman E.Dowling |
| 260 | 0 | 0 | |a New Jersey lbPrentice Hall lc1993 |
| 300 | |a xxiv,773p. |b ill. |c 25cm | ||
| 500 | 0 | 0 | |a Includes bibliographical references and index |
| 650 | 0 | 0 | |a Materials |
| 650 | 0 | 0 | |a Materials |x Testing |
| 999 | |a vtls000020909 |c 30956 |d 30956 | ||


